| 000 | 01355nam a2200385 a 4500 | ||
|---|---|---|---|
| 001 | 000025208 | ||
| 003 | 000025208 | ||
| 005 | 20140709111910.0 | ||
| 008 | 110211s2011 dr a 000 0 spa d | ||
| 020 | _a9993483443 | ||
| 040 |
_aBPMET _bspa _cBPMET |
||
| 049 | _aBNPD | ||
| 092 |
_a922.27293 _bC343a |
||
| 100 | 1 | _aCassá, Roberto | |
| 245 | 1 | 0 |
_aAntonio Sánchez Valverde / _cRoberto Cassá ; ilustraciones Ramiro Manzano. |
| 260 |
_aSanto Domingo : _bTobogan, _c2011 |
||
| 300 | _b47 p. | ||
| 490 | 1 | _aBiografías dominicanas Tobogan | |
| 504 | _aBibliografía : p. 47 | ||
| 600 | 1 | 4 |
_aSÁNCHEZ VALVERDE, ANTONIO _cSACERDOTE _cESCRITOR _d1729-1791 |
| 651 | 4 |
_aREPÚBLICA DOMINICANA _xHISTORIA _xCOLONIA _y1503-1975 |
|
| 700 | 1 |
_aManzano, Ramiro, _eil. |
|
| 830 | 0 | _aBiografías dominicanas | |
| 930 | 1 |
_lBND01 _mLF1 _820110315 _f01 _pCT _g16108 _he. 3 |
|
| 930 | 1 |
_lBND01 _mLF1 _820110211 _f01 _pCT _g16108 |
|
| 930 | 1 |
_lBND01 _mLF1 _820110315 _f01 _pCT _g16108 _he. 2 |
|
| 942 |
_2ddc _cBK |
||
| 956 |
_aYPOLANCO _b10 _c20110211 _lBND01 _h1117 |
||
| 956 |
_aYPOLANCO _b10 _c20110211 _lBND01 _h1117 |
||
| 956 |
_aBTAVAREZ _b10 _c20110222 _lBND01 _h1011 |
||
| 956 |
_aBTAVAREZ _b10 _c20110222 _lBND01 _h1011 |
||
| 956 |
_aYLOCKWARD _b10 _c20110224 _lBND01 _h1036 |
||
| 956 |
_aYLOCKWARD _b10 _c20110224 _lBND01 _h1042 |
||
| 956 |
_aYLOCKWARD _b10 _c20110224 _lBND01 _h1043 |
||
| 999 |
_c7118 _d7118 |
||